000 01059cam a22001694a 4500
005 20250605163700.0
008 250528s ||||||||||||||||||||||||d
035 _a24240
040 _aGR-AtMCL
_bgre
_dGR-AtMCL
_eAACR2
245 1 _aΗ Δράση του ΙΜΔΑ / Με την Ευκαιρία της Παρουσίασης του 21ου Βιβλίου του
260 _bΊδρυμα Μαραγκόπουλου Για Τα Δικαιώματα Του Ανθρώπου,
_c1997
300 _a48
520 _aΗ Δράση του Ιδρύματος Μαραγκόπουλου για τα Δικαιώματα του Ανθρώπου, Η Εκδοτική Δραστηριότητα του Ιδρύματος Μαραγκόπουλου για τα Δικαιώματα του Ανθρώπου, Δημοκρατία: 80 Ερωτήσεις και Απαντήσεις, Εκδόσεις του Ιδρύματος Μαραγκόπουλου για τα Δικαιώματα του Ανθρώπου.
942 _cCR
999 _c9131
_d9131